Mexican Liga MX Football Clubs by Badge - Statistics

General Stats
  • This quiz has been taken 1,809 times
  • The average score is 14 of 18
Answer Stats
Picture Answer % Correct
América
99%
UNAM
94%
UANL
89%
Cruz Azul
88%
León
87%
Monterrey
82%
Guadalajara
80%
Santos Laguna
76%
Pachuca
75%
Puebla
71%
Tijuana
71%
Atlas
70%
Juárez
68%
Toluca
68%
Querétaro
64%
Mazatlán
60%
Necaxa
60%
Atlético San Luis
55%
No matching quizzes found
Score Distribution
Percent of People with Each Score
Percentile by Number Answered
Your Score History
You have not taken this quiz